00369cam a22001337a 4500008004000000020001500040082001300055245005600068260002800124300001000152650003700162650001800199700001800217180718b1998 xxu||||| |||| 00| 0 eng d a8122005217 aT39 D354 aChallenges of globalizationcedited by Bibek Debroy aNew DelhibKonarkc1998 a492p. aInternational economic relations aGlobalization aDebroy, Bibek